000 00686nam a2200217Ia 4500
005 20250508165330.0
008 008 250505s9999 xx 000 0 hin d
037 _aTextBook
040 _aFEDL
_beng
_cFEDL
041 _ahin
_2eng
084 _a001.42, RAI/R
_qFEDL
100 _aRaijada B S
_9777001
245 0 _aShiksha mein anusandhan ke aavashyak tatva
260 _aJaipur, India
_bRajasthan Hindi Granth Akademi
_c2013
300 _axv, 687p.
365 _aINR
_b215
546 _aAcc. No. 88154 is replaced book (Photocopy) by Krishna Mohan Tiwari M.ed Ist
700 _a Verma Vandna
_9780525
942 _cTB
_h001.42, RAI/R
999 _c1394515
_d1394515